Films inspirés de livres - Mort Subite - Statistiques

Statistiques générales
  • Ce quiz a été pris 1 129 fois
  • Le résultat moyen est 8 sur 22
Answers on the Grid
Answers color-coded by a green-red scale on the quiz's grid according to % correct below.
Intouchables
Bienvenue chez les Ch'tis
Voyage au centre de la Terre
Le fabuleux destin d'Amélie Poulain
Le Parrain
Star Wars
Harry Potter
Shutter Island
Avatar
La Grande Vadrouille
La ligne Verte
Nos étoiles contraires
La La Land
Le Dîner de cons
Jurassic Park
Will Hunting
Pulp Fiction
Le Magicien d'Oz
Le Monde de Nemo
Le silence des agneaux
Da Vinci Code
Fight club
E.T., l'extra-terrestre
Matrix
Autant en emporte le vent
SOS Fantômes
Dune
Le cercle des poètes disparus
Charlie et la Chocolaterie
Shining
Rocky
Orange mécanique
Once Upon a Time… in Hollywood
Les Dents de la mer
La Liste de Schindler
Interstellar
Psychose
Forrest Gump
Le Labyrinthe de Pan
Léon
 
Statistiques - réponses
Réponse % Correct
Harry Potter
70%
Dune
56%
Charlie et la Chocolaterie
55%
Da Vinci Code
52%
Voyage au centre de la Terre
50%
Le Magicien d'Oz
46%
Nos étoiles contraires
46%
Shining
46%
La ligne Verte
45%
Autant en emporte le vent
39%
Le cercle des poètes disparus
35%
Le silence des agneaux
34%
La Liste de Schindler
29%
Shutter Island
27%
Jurassic Park
25%
Orange mécanique
22%
Le Parrain
21%
Intouchables
16%
Fight club
15%
Forrest Gump
13%
Psychose
13%
Les Dents de la mer
11%
Aucun quiz correspondant
Distribution des résultats
% des personnes avec chaque résultat
Percentile par nombre de réponses
Votre historique - résultats
Vous n’avez pas pris ce quiz